Tancet M.E.: (Record no. 164762)

MARC details
000 -LEADER
fixed length control field 00530nam a22001697a 4500
005 - DATE AND TIME OF LATEST TRANSACTION
control field 20190527113907.0
010 ## - LCCN (DPL NO)
LC control number ENG-125313
020 ## - INTERNATIONAL STANDARD BOOK NUMBER
International Standard Book Number 9789380665627
Terms of availability 160.00
035 ## - SYSTEM CONTROL NUMBER
System control number EN-108845
037 ## - SOURCE OF ACQUISITION
Source of stock number/acquisition DBAD/PUB
082 ## - DEWEY DECIMAL CLASSIFICATION NUMBER
Classification number 000
245 ## - TITLE STATEMENT
Title Tancet M.E.:
Remainder of title electronics and communication engineering.
260 ## - PUBLICATION, DISTRIBUTION, ETC. (IMPRINT)
Place of publication, distribution, etc Chennai
Name of publisher, distributor, etc Win Win Books
Date of publication, distribution, etc 2015
270 ## - ADDRESS
Address 1620, 'J Block", 16th Main Road, Anna Nagar
City Chennai
Telephone number 044-26262173, 26161099
Postal code 600040
300 ## - PHYSICAL DESCRIPTION
Extent 224p.
Dimensions 25cm(pbk)
942 ## - ADDED ENTRY ELEMENTS (KOHA)
Source of classification or shelving scheme Dewey Decimal Classification
Item type English Books
Classification part 000
Call number suffix TAN
Holdings
Withdrawn status Lost status Not for loan Collection code Home library Current library Date acquired Source of acquisition Cost, normal purchase price Full call number Barcode Copy number Cost, replacement price Koha item type
      Non-fiction Central Library Central Library 27/05/2019 DBAD/PUB 160.00 000 TAN EN-108845 1 160.00 English Books

© Delhi Public Library
Hit Counter
free hit counter